000 00788nam a2200253 a 4500
001 71684
003 BD-RjUL
005 20211209082139.0
008 170507s1980 nyua 001 0 eng d
020 _a0070232970 :
035 _a(BD-RjUL)71900
040 _aDLC
_cDLC
_dBD-RjUL
_beng
041 _aeng
082 0 0 _a621.38154
_223
_bGII 1980
100 _aGilmore, Charles M.
_9212092
245 1 0 _aInstruments and measurements /
_cCharles M. Gilmore
260 _aNew York :
_bMcGraw-Hill, Gregg Division,
_c1980.
300 _aviii, 168 p. :
_bill. ;
_c28 cm.
490 _aBasic skills in electricity and electronics
500 _aIncludes index.
650 0 _aElectronic instruments.
_9161711
830 _aBasic skills in electricity and electronics
_9212093
942 _2ddc
_cBK
999 _c71684
_d71684